00472nam a2200121 450000500170000000800410001704000130005808200230007110000440009424501640013826000370030230000110033920210429135738.0210429b ||||| |||| 00| 0 eng d cPK-LaUMT aRHC 320.531bRED-J aRedess, Gyles = ریڈس، گائلس aJamhoori socialism = جمہوری سوشلزم :baik mukhtasir sa jaizah = ایک مختصر سا جائزہ /cby Gyles Redess = از گائلس ریڈس aDehli :bNational Academy,c1965 a228 p.